Zlepšenie kvality činností podniku s rastom výroby. (Improvement of Quality Performance in a Growing Production plant) [CD-ROM] : Bakalárska práca

Gespeichert in:
Bibliographische Detailangaben
1. Verfasser: Sack, Norman (Verfasst von)
Format: Manuskript Buch
Sprache:Slowakisch
Veröffentlicht: Bratislava : STU v Bratislave SjF, 2007
Ausgabe:1.vyd.
Schlagworte:
Tags: Tag hinzufügen
Keine Tags, Fügen Sie das erste Tag hinzu!

MARC

LEADER 00000ntm a22000003a 4500
001 stu153054
005 20150617230009.9
008 071203s2007----xo------------------slo-d
040 |a STU  |b slo 
041 0 |a slo 
044 |a xo 
100 1 |a Sack, Norman  |4 aut  |u J280  |U SjF Ústav technológií a materiálov  |T SjF Katedra materiálov a technológií  |U J280  |Y 52 
245 1 |a Zlepšenie kvality činností podniku s rastom výroby. (Improvement of Quality Performance in a Growing Production plant) [CD-ROM] :  |b Bakalárska práca 
250 |a 1.vyd. 
260 |a Bratislava :  |b STU v Bratislave SjF,  |c 2007 
300 |a 37 s 
650 7 |a kvalita manažmentu  |2 stusub 
650 7 |a zlepšenie kvality  |2 stusub 
650 7 |a manažment  |2 stusub 
650 7 |a Quality Management  |2 estusub 
650 7 |a Quality Improvement  |2 estusub 
996 |b 284J032947  |c J*108347  |l JJSK  |s A  |a 24  |w stu153054_0001